Statistiques concernant Quiz sur le Panama

Cliquez ici pour prendre le quiz!

Statistiques générales

  • Ce quiz a été pris 4 740 fois
  • Le résultat moyen est 10 sur 18

Statistiques - réponses

QuestionRéponse% Correct
Quelle est la langue officielle du Panama ?Espagnol
99%
Quels sont les deux pays frontaliers du Panama ?Colombie
92%
Quels sont les deux pays frontaliers du Panama ?Costa Rica
92%
Quelle mer se trouve au nord-est du Panama ?Mer des Caraïbes
87%
Quel ouvrage les américains y ont-ils construit entre 1904 et 1914 ?Canal
78%
Quel pays européen avait entrepris un projet similaire
à la fin du siècle précédent, sans succès ?
France
74%
Nommez l'un des 4 pays qui ont plus de gratte-ciels par habitant que le Panama.Monaco | Singapour | Qatar |
Emirats Arabes Unis
71%
Cette dernière n'est en réalité utilisée que pour les pièces.
Quelle devise monétaire est utilisée pour les billets ?
Dollar américain
59%
Quel scandale sur les sociétés offshore a secoué le monde en 2015 ?Panama {Papers}
56%
Le Panama possède la plus grosse ____ marchande
du monde, devant le Liberia et les Îles Marshall
Flotte
45%
Quel est le sport national du Panama ?Baseball
44%
Quel terme désigne une étroite bande de terre reliant deux
grandes étendues de terre, comme au Panama ?
Isthme
44%
Que désigne le nom commun panama en français ?Un chapeau de paille
44%
Quelle célèbre marque de rhum porte le nom d'un pirate gallois
notamment célèbre pour avoir pillé la ville de Panama en 1671 ?
Henry Morgan
32%
Quel institution étatique le Panama a-t-il dissous l'année suivante, en 1990 ?Armée
17%
Quel général et dictateur panaméen a été arrêté par les États-Unis en 1989 ?Manuel {Noriega}
15%
Quel conquistador espagnol a découvert la côte pacifique des Amériques
et a par la suite donné son nom à la devise monétaire panaméenne ?
Vasco Núñez de Balboa
12%
Quelle région marécageuse et forestière du Panama ne possède aucune route,
rendant impossible tout trajet terrestre de l'Amérique du Sud vers le Nord ?
Bouchon du {Darién}
9%

Distribution des résultats

Percentile par nombre de réponses

% des personnes avec chaque résultat

Votre développement - résultats

Vous n’avez pas pris ce quiz